[Event "Voronezh op-B 17th"]
[Site "Voronezh"]
[Date "2013.06.19"]
[Round "8"]
[White "Zenkina, Marina"]
[Black "Martynov, Denis"]
[Result "1/2-1/2"]
[WhiteElo "1856"]
[BlackElo "1998"]
[PlyCount "82"]
[EventDate "2013.06.12"]
[EventType "swiss"]
[EventRounds "9"]
[EventCountry "RUS"]
[SourceTitle "EXT 2014"]
[Source "ChessBase"]
[SourceDate "2013.11.20"]
[SourceVersion "1"]
[SourceVersionDate "2013.11.20"]
[SourceQuality "1"]

1. e4 c5 2. f4 Nc6 3. Nf3 e6 4. Bb5 a6 5. Bxc6 bxc6 6. Nc3 d5 7. e5 a5 8. d3 a4 9. 0-0 Nh6 10. Qe2 Nf5 11. g4 Nd4 12. Qf2 Nxf3+ 13. Qxf3 g6 14. Ne2 h5 15. h3 hxg4 16. hxg4 Qh4 17. Rf2 Qh3 18. Ng3 Rh4 19. g5 Qg4 20. Qxg4 Rxg4 21. Kg2 Rh4 22. Be3 d4 23. Bd2 c4 24. Ne4 c5 25. Kg3 Rh8 26. dxc4 Bb7 27. Re2 Be7 28. Nf2 0-0-0 29. Ba5 Rdg8 30. Bb6 Kd7 31. b4 cxb4 32. c5 Bd8 33. Rd1 Bxb6 34. Rxd4+ Kc6 35. cxb6 Kc5 36. Rd7 Kxb6 37. Red2 Bd5 38. Rxf7 Rc8 39. Nd3 Rc3 40. Kf2 Rh2+ 41. Ke3 Rh3+ 1/2-1/2

[Event "Voronezh op-B 17th"]
[Site "Voronezh"]
[Date "2013.06.13"]
[Round "2"]
[White "Kuznetsov, Nikolay P"]
[Black "Martynov, Denis"]
[Result "1-0"]
[WhiteElo "2167"]
[BlackElo "1998"]
[PlyCount "122"]
[EventDate "2013.06.12"]
[EventType "swiss"]
[EventRounds "9"]
[EventCountry "RUS"]
[SourceTitle "EXT 2014"]
[Source "ChessBase"]
[SourceDate "2013.11.20"]
[SourceVersion "1"]
[SourceVersionDate "2013.11.20"]
[SourceQuality "1"]

1. d4 Nf6 2. Nf3 e6 3. c4 b6 4. g3 Ba6 5. Qa4 Bb7 6. Bg2 Be7 7. 0-0 0-0 8. Rd1 c6 9. Nc3 d5 10. Ne5 a6 11. Qb3 b5 12. c5 Nbd7 13. f4 Re8 14. e3 Bf8 15. a4 Qc7 16. Bd2 Rec8 17. Rf1 g6 18. a5 Bg7 19. Qd1 Re8 20. g4 Nf8 21. Bf3 N6d7 22. g5 f6 23. gxf6 Nxf6 24. Kh1 Re7 25. Rg1 N6d7 26. Nd3 Rae8 27. Be1 Rf7 28. Bh4 Bc8 29. Qe2 Kh8 30. Qg2 Bf6 31. Bxf6+ Rxf6 32. b4 Qd8 33. Ne5 Nxe5 34. dxe5 Rf7 35. Ne2 Qh4 36. Qf1 Bd7 37. Rg4 Qe7 38. Nd4 Rg7 39. Qh3 Qd8 40. Rag1 Ree7 41. Qh4 Qe8 42. Qh6 Ref7 43. Bd1 Qe7 44. Rg5 Kg8 45. Bc2 Qe8 46. Kg2 Qe7 47. Kf3 Qe8 48. Ke2 Qe7 49. Kd2 Qe8 50. Kc3 Qe7 51. Nf3 Bc8 52. Kd4 Bd7 53. R5g3 Rf5 54. Bxf5 exf5 55. Ng5 Ne6+ 56. Nxe6 Bxe6 57. h4 Bf7 58. Rg5 Qe6 59. h5 Be8 60. R5g3 Bf7 61. Qg5 Qd7 1-0

[Event "Ukhta-ch"]
[Site "Ukhta"]
[Date "2010.11.28"]
[Round "9"]
[White "Chemagin, Kirill"]
[Black "Martynov, Denis"]
[Result "0-1"]
[WhiteElo "2083"]
[BlackElo "1958"]
[PlyCount "94"]
[EventDate "2010.11.04"]
[EventType "tourn"]
[EventRounds "13"]
[EventCountry "RUS"]
[SourceTitle "EXT 2022"]
[Source "ChessBase"]
[SourceDate "2021.10.06"]
[SourceVersion "1"]
[SourceVersionDate "2021.10.06"]
[SourceQuality "1"]

1. e4 c5 2. Nf3 e6 3. c3 Nc6 4. d4 cxd4 5. cxd4 d5 6. e5 Qb6 7. Be2 Nge7 8. Na3 a6 9. 0-0 Nf5 10. Nc2 Be7 11. a3 0-0 12. b4 Bd7 13. Bd3 g6 14. Bxf5 exf5 15. Bh6 Rfe8 16. Qd2 Rac8 17. Ne3 Be6 18. Kh1 Rc7 19. Rg1 a5 20. b5 Qxb5 21. g4 fxg4 22. Nxg4 Bf5 23. Rae1 Nd8 24. Nf6+ Bxf6 25. exf6 Be4 26. Rxe4 Rxe4 27. Ng5 Re2 28. Qf4 Qd7 29. Qh4 Qf5 30. Qg3 Rc6 31. Qb8 Qc8 32. Qf4 Ne6 33. Nxe6 Qxe6 34. f3 Rcc2 35. Qb8+ Qc8 36. Bf4 Qxb8 37. Bxb8 b5 38. Bd6 b4 39. axb4 axb4 40. Ra1 h6 41. Bxb4 Rxh2+ 42. Kg1 Rhg2+ 43. Kh1 Rgf2 44. Bf8 g5 45. Kg1 Kh7 46. Ra3 Rfd2 47. Ra1 Kg6 0-1

[Event "Ukhta-ch"]
[Site "Ukhta"]
[Date "2010.11.27"]
[Round "8"]
[White "Martynov, Denis"]
[Black "Uliashov, Dmitriy"]
[Result "0-1"]
[WhiteElo "1958"]
[BlackElo "2257"]
[PlyCount "106"]
[EventDate "2010.11.04"]
[EventType "tourn"]
[EventRounds "13"]
[EventCountry "RUS"]
[SourceTitle "EXT 2022"]
[Source "ChessBase"]
[SourceDate "2021.10.06"]
[SourceVersion "1"]
[SourceVersionDate "2021.10.06"]
[SourceQuality "1"]

1. d4 d5 2. Nf3 Nf6 3. c4 c6 4. Nc3 e6 5. Bg5 h6 6. Bxf6 Qxf6 7. e3 Nd7 8. Be2 Qd8 9. Rc1 Be7 10. 0-0 0-0 11. Qc2 a6 12. Rfd1 b5 13. cxd5 cxd5 14. Bd3 Bb7 15. Qe2 Nf6 16. Nd2 Qb6 17. Nb3 Rfd8 18. f4 Ne4 19. Bxe4 dxe4 20. Rc2 Rac8 21. Rdc1 f5 22. Nd1 a5 23. Rxc8 Rxc8 24. Rxc8+ Bxc8 25. Qc2 Bb7 26. Kf2 b4 27. Nc5 Bd5 28. b3 Qd8 29. Nb2 g5 30. g3 gxf4 31. gxf4 Kf7 32. Kf1 Bxc5 33. dxc5 Qh4 34. Qf2 Qf6 35. Na4 Bc6 36. Nb6 Bb5+ 37. Kg2 Qc3 38. Qh4 Qxe3 39. Qh5+ Kg7 40. Nc4 Bxc4 41. bxc4 Qd2+ 42. Kg3 Qd3+ 43. Kg2 Qxc4 44. Qe8 Qxc5 45. Qxe6 Qc2+ 46. Kg3 Qc3+ 47. Kf2 Qd2+ 48. Kg3 Qe3+ 49. Kg2 Qxf4 50. Qe7+ Kg6 51. Qe6+ Kg5 52. Qd5 Kh4 53. Qxa5 Qf3+ 0-1

[Event "Ukhta-ch"]
[Site "Ukhta"]
[Date "2010.11.05"]
[Round "3"]
[White "Solovyev, Anton"]
[Black "Martynov, Denis"]
[Result "1/2-1/2"]
[WhiteElo "2074"]
[BlackElo "1958"]
[PlyCount "67"]
[EventDate "2010.11.04"]
[EventType "tourn"]
[EventRounds "13"]
[EventCountry "RUS"]
[SourceTitle "EXT 2022"]
[Source "ChessBase"]
[SourceDate "2021.10.06"]
[SourceVersion "1"]
[SourceVersionDate "2021.10.06"]
[SourceQuality "1"]

1. e4 c5 2. Nf3 e6 3. d4 cxd4 4. Nxd4 a6 5. Nc3 d6 6. Be3 Nf6 7. h3 Be7 8. Qd2 Qc7 9. g4 Nc6 10. Bg2 Nxd4 11. Qxd4 e5 12. Qb6 Qxb6 13. Bxb6 Be6 14. 0-0-0 Rc8 15. a4 0-0 16. a5 Nd7 17. Be3 Bd8 18. Rxd6 Bxa5 19. Nd5 Rfe8 20. Rd1 Nf8 21. Nb6 Rc7 22. Kb1 Bb4 23. Rd8 Rxd8 24. Rxd8 Bc5 25. Bxc5 Rxc5 26. Rb8 Rc7 27. Nd5 Rd7 28. c4 f6 29. b4 Kf7 30. c5 Ng6 31. Bf1 Ne7 32. Nxe7 Kxe7 33. Kc2 Kf7 34. Be2 1/2-1/2

[Event "Komi-ch"]
[Site "Ukhta"]
[Date "2010.02.12"]
[Round "2"]
[White "Martynov, Denis"]
[Black "Litke, Vladimir Vladimirov"]
[Result "0-1"]
[WhiteElo "2000"]
[BlackElo "2288"]
[PlyCount "76"]
[EventDate "2010.02.11"]
[EventType "swiss"]
[EventRounds "10"]
[EventCountry "RUS"]
[SourceTitle "CBM 135 Extra"]
[Source "ChessBase"]
[SourceDate "2010.05.04"]
[SourceVersion "1"]
[SourceVersionDate "2010.05.04"]
[SourceQuality "1"]

1. d4 Nf6 2. c4 g6 3. Nf3 Bg7 4. Nc3 0-0 5. e4 d6 6. Be2 e5 7. d5 a5 8. 0-0 Na6 9. h3 Nh5 10. Bg5 Qe8 11. Qd2 f5 12. Bh6 f4 13. Bxg7 Kxg7 14. Kh2 h6 15. a3 Nc5 16. Qc2 a4 17. Rae1 Nf6 18. Bd1 Bd7 19. Ng1 g5 20. g4 Rh8 21. f3 h5 22. Kg2 Qg6 23. Rf2 hxg4 24. fxg4 Rh7 25. Kf1 Rah8 26. Rg2 Rxh3 27. Nxh3 Rxh3 28. Rh2 Rxh2 29. Qxh2 Bxg4 30. Bxg4 Nxg4 31. Qh3 Nf6 32. Kg2 g4 33. Qh4 f3+ 34. Kh2 Nd3 35. Rg1 f2 36. Rf1 g3+ 37. Qxg3 Ng4+ 38. Kh3 Nf4+ 0-1